000 00671nam a22001697a 4500
999 _c15004
_d15004
003 AR-CdUCM
008 190425b ||||| |||| 00| 0 spa d
040 _aMUNICIPALIDAD PROVINCIAL DEL CUSCO
_cBIBLIOTECA MUNICIPAL DEL CUSCO
082 _aC / 340.4 /
_bC93
100 _aCuela Mestas, Luciano
_934002
245 _aEl problema de los tutores en los centros de Readaptación de menores /
260 _aCusco :
_bUnsaac,
_c1981.
300 _a87 hojas ;
_c28 cm.
505 _aContenido y naturaleza del servicio social --La terapéutica de los menores en situación irregular --La ciudad, la sociedad y los menores antisociales...
942 _2ddc
_cTESIS
945 _awfj